000 00329nam a2200133Ia 4500
005 20260328104259.0
008 260328s9999||||xx |||||||||||||| ||und||
100 _aSamper Gnecco, Germán
245 0 _aLa Ciudad Dibujada /
_cGermán Samper Gnecco
260 _bIsthmus
300 _a45 p.
650 _aARQUITECTOS
942 _cBK
999 _c10543
_d10543